[Event "4th Parsvnath Open"]
[Site "New Delhi IND"]
[Date "2006.01.21"]
[Round "9"]
[White "Sandipan,C"]
[Black "Himanshu,Sh"]
[Result "1-0"]
[WhiteElo "2522"]
[BlackElo "2411"]

1.e4 c5 2.Nf3 Nc6 3.Bb5 g6 4.O-O Bg7 5.h3 Nf6 6.e5 Nd5 7.Re1 Qc7 8.Nc3 Nxc3
9.dxc3 Nxe5 10.Nxe5 Bxe5 11.Qd5 Bd6 12.Bh6 a6 13.Ba4 Rb8 14.Rxe7+ Bxe7 15.Re1 Kd8
16.Rxe7 Kxe7 17.Qe4+ Kf6 18.g4 g5 19.Qf5+ Ke7 20.Bxg5+ Kf8 21.Bh6+  1-0

[Event "2nd Bundesliga West 2005-6"]
[Site "Austria AUT"]
[Date "2006.01.22"]
[Round "8"]
[White "Baldauf,Marc"]
[Black "Marchhart,M"]
[Result "1-0"]
[WhiteElo "2131"]
[BlackElo "2153"]

1.e4 c5 2.Nf3 Nc6 3.Bb5 g6 4.Bxc6 dxc6 5.h3 Bg7 6.d3 e5 7.Be3 Qe7 8.Qd2 f5
9.Qc3 b6 10.Na3 f4 11.Bd2 Nh6 12.Nc4 b5 13.Na5 b4 14.Qb3 Be6 15.Qa4 Rc8 16.a3 bxa3
17.Rxa3 O-O 18.Bc3 Nf7 19.Nc4 Bxc4 20.Qxc4 Rfe8 21.Ra5 Bf6 22.Rxc5 Qd6 23.O-O Kg7
24.Ra1 Rc7 25.Ra6 Re6 26.b4 Qd7 27.Qa2 Re7 28.Qa1 Qe8 29.Raa5 Kh6 30.Nh2 Re6
31.Ng4+ Kg7 32.Nxe5 Rb7 33.Ng4 Bxc3 34.Qxc3+ Kf8 35.b5 h5 36.Nh2 Rc7 37.Nf3 Nd8
38.Ng5  1-0

[Event "2nd Bundesliga West 2005-6"]
[Site "Austria AUT"]
[Date "2006.01.22"]
[Round "8"]
[White "Gross,Dav GER"]
[Black "Eiler,G"]
[Result "1-0"]
[WhiteElo "2467"]
[BlackElo "2096"]

1.e4 c5 2.Nf3 Nc6 3.Bb5 g6 4.Bxc6 dxc6 5.d3 Bg7 6.h3 Nf6 7.Nc3 O-O 8.Bf4 Nd7
9.e5 f6 10.Qe2 fxe5 11.Bg3 Nf6 12.Bxe5 Nd5 13.Nxd5 cxd5 14.O-O-O Bxe5 15.Nxe5 e6
16.g3 a5 17.h4 Qf6 18.f4 b5 19.Rdf1 Ra7 20.g4 Rg7 21.g5 Qe7 22.h5 gxh5 23.Rxh5 Bd7
24.Ng4 Be8 25.Nf6+ Kh8 26.Rh6 Bg6 27.Qe5 Bf5 28.Nh5  1-0

[Event "Classic"]
[Site "Queenstown NZL"]
[Date "2006.01.22"]
[Round "8"]
[White "Chandler,M"]
[Black "Rogers,I"]
[Result "1/2-1/2"]
[WhiteElo "2537"]
[BlackElo "2556"]

1.e4 c5 2.Nf3 Nc6 3.Bb5 e6 4.O-O Nge7 5.Nc3 Nd4 6.Nxd4 cxd4 7.Ne2 a6 8.Ba4 Nc6
9.d3 Bc5 10.c4 O-O 11.a3 a5 12.Bd2 b6 13.b4 Be7 14.Qb3 axb4 15.axb4 Bb7 16.Bb5 Na7
17.Ba6 Bxa6 18.Rxa6 Nc6 19.Rxa8 Qxa8 20.b5 Na5 21.Bxa5 Qxa5 22.Nxd4 Ra8 23.Nc2 e5
24.Rd1 Bc5 25.h3 g6 26.Qb2 d6 27.Kf1 Qa2 28.Qxa2 Rxa2 29.Rd2 Bd4 30.Re2 Bc3
31.g3 Kg7 32.f4 h5 33.Kf2 Rb2 34.Kf3 Rb3  1/2-1/2

[Event "II Open del Mercantil"]
[Site "Sevilla ESP"]
[Date "2006.01.23"]
[Round "4"]
[White "Teran Alvarez,I"]
[Black "Fernandez Romero,Ern"]
[Result "1/2-1/2"]
[WhiteElo "2446"]
[BlackElo "2460"]

1.e4 c5 2.Nf3 Nc6 3.Bb5 a6 4.Bxc6 dxc6 5.d3 Qc7 6.h3 e5 7.Nc3 Bd6 8.a4 a5
9.Be3 Ne7 10.O-O f6 11.Nd2 O-O 12.Nc4 Ng6 13.Ne2 Be6 14.Nxd6 Qxd6 15.f4 exf4
16.Nxf4 Nxf4 17.Bxf4 Qd7 18.b3  1/2-1/2

[Event "Gibtelecom Masters"]
[Site "Gibraltar ENG"]
[Date "2006.01.24"]
[Round "1"]
[White "Arizmendi Martinez,J"]
[Black "Borchgrevink,H"]
[Result "1-0"]
[WhiteElo "2534"]
[BlackElo "2265"]

1.e4 c5 2.Nf3 Nc6 3.Bb5 g6 4.c3 Nf6 5.e5 Nd5 6.O-O Bg7 7.d4 cxd4 8.cxd4 O-O
9.Nc3 Nxc3 10.bxc3 d6 11.exd6 Qxd6 12.a4 a6 13.Ba3 Qc7 14.Bxc6 Qxc6 15.Bxe7 Re8
16.d5 Qxc3 17.Rc1 Qa5 18.d6 Bd7 19.Qb3 Bc6 20.Rxc6 bxc6 21.Rd1 h6 22.h3 Bf8
23.Bxf8 Rxf8 24.Qc4 Rab8 25.d7 Qc7 26.Qc5 Qf4 27.Qxc6 Rfd8 28.g3 Qf5 29.Kg2 a5
30.g4 Qe6 31.Qxe6 fxe6 32.Ne5 Rb6 33.Nxg6 Kf7 34.Ne5+ Kf6 35.f4  1-0

[Event "Gibtelecom Masters"]
[Site "Gibraltar ENG"]
[Date "2006.01.24"]
[Round "1"]
[White "Pavlovic,Milo"]
[Black "Gomes,M"]
[Result "1-0"]
[WhiteElo "2494"]
[BlackElo "2231"]

1.e4 c5 2.Nf3 Nc6 3.Bb5 g6 4.Bxc6 bxc6 5.O-O Bg7 6.Re1 Nf6 7.e5 Nd5 8.c4 Nc7
9.d4 cxd4 10.Qxd4 O-O 11.Qh4 Ne6 12.Bh6 Rb8 13.Bxg7 Kxg7 14.b3 d5 15.Nc3 Rb4
16.Rad1 Qc7 17.Nd4 dxc4 18.Nc2 Rb8 19.Qxc4 Bb7 20.Nd4 Nxd4 21.Qxd4 c5 22.Qe3 Rfd8
23.f3 Qa5 24.e6 f6 25.Rd7 Re8 26.Na4 Bc6 27.Nxc5 Rb5 28.Rc1 Qxa2 29.Rc7 Ba8
30.Rd1 Qc2 31.Rdd7 Ra5 32.Na4 Re5 33.Rxc2 Rxe3 34.Nc5 a5 35.Ra2 Bc6 36.Rc7 Bd5
37.Rxa5 g5 38.Kf2 Re5 39.Nd7 Rf5 40.Rcc5 Bxe6 41.Rxf5 Bxd7 42.Rfc5 Kf7 43.Ra7 Be6
44.b4  1-0

[Event "Winter Cup"]
[Site "Bucharest ROM"]
[Date "2006.01.25"]
[Round "12"]
[White "Sanduleac,V"]
[Black "Lupulescu,C"]
[Result "1/2-1/2"]
[WhiteElo "2479"]
[BlackElo "2528"]

1.e4 c5 2.Nf3 Nc6 3.Bb5 g6 4.Bxc6 dxc6 5.d3 Bg7 6.h3 e5 7.Be3 b6 8.Qd2 h6
9.a3 a5 10.Qc3 Qc7 11.Nbd2  1/2-1/2

[Event "14th FAJR Open"]
[Site "Tehran IRI"]
[Date "2006.01.25"]
[Round "3"]
[White "Kalantari,B"]
[Black "Mallahi,A"]
[Result "0-1"]
[WhiteElo "2177"]
[BlackElo "2426"]

1.e4 c5 2.Nf3 Nc6 3.Bb5 g6 4.O-O Bg7 5.c3 Nf6 6.Qa4 O-O 7.d4 cxd4 8.cxd4 d5
9.e5 Nd7 10.Bxc6 Nb6 11.Qb4 bxc6 12.Bg5 f6 13.exf6 exf6 14.Bf4 Re8 15.Nbd2 g5
16.Bg3 g4 17.Nh4 f5 18.Rfe1 Rxe1+ 19.Rxe1 f4 20.Bxf4 Qxh4 21.Re8+ Kf7 22.g3 Qf6
23.Be5 Kxe8 24.Bxf6 Bxf6 25.Qd6 Kf7 26.Nb3 Bf5 27.Qf4 Kg6 28.h3 h5 29.hxg4 hxg4
30.Nc5 Re8 31.b3 Re1+ 32.Kg2 Nd7 33.Qd2 Rb1 34.Nxd7 Bxd7 35.f3 gxf3+ 36.Kxf3 Bf5
37.Qc3 Be4+ 38.Kf2 Kf5 39.g4+ Kxg4 40.Qg3+ Kh5 41.Qh2+ Bh4+ 42.Ke3 Rh1 43.Qe5+ Bg5+
44.Kf2 Rc1 45.Qe8+ Bg6 46.Qh8+ Kg4 47.Qg7 Rc2+ 48.Ke1 Kf3  0-1

[Event "Gibtelecom Masters"]
[Site "Gibraltar ENG"]
[Date "2006.01.26"]
[Round "3"]
[White "Hickman,J"]
[Black "Borchgrevink,H"]
[Result "0-1"]
[WhiteElo "2082"]
[BlackElo "2265"]

1.e4 c5 2.Nf3 Nc6 3.Bb5 g6 4.Bxc6 dxc6 5.d3 Bg7 6.h3 e5 7.Nc3 Qe7 8.Be3 Nf6
9.Qd2 h6 10.O-O Nd7 11.Nh2 Nf8 12.f4 exf4 13.Rxf4 Ne6 14.Rf2 Nd4 15.Raf1 Be6
16.Na4 b6 17.c3 Nb5 18.b4 cxb4 19.cxb4 Rd8 20.Ng4 Qd7 21.Nf6+ Bxf6 22.Rxf6 Qxd3
23.Rxe6+ fxe6 24.Qf2 Kd7 25.Qf7+ Kc8 26.Qxe6+ Qd7 27.Qxg6 Rdf8 28.Rc1 Kb7
29.e5 Rhg8 30.Qxh6 Qd5 31.Qh7+ Nc7 32.Qc2 Ne6 33.Nc3 Qf3 34.Bh6 Nd4 35.Qh7+ Ka8
36.g4 Qg3+  0-1

[Event "Gibtelecom Masters"]
[Site "Gibraltar ENG"]
[Date "2006.01.27"]
[Round "4"]
[White "Sisask,J"]
[Black "Bakre,T"]
[Result "1/2-1/2"]
[WhiteElo "2196"]
[BlackElo "2480"]

1.e4 c5 2.Nf3 Nc6 3.Bb5 Qb6 4.Nc3 e6 5.Bxc6 Qxc6 6.d4 cxd4 7.Nxd4 Qc7 8.O-O a6
9.Re1 d6 10.a4 Be7 11.Qg4 Bf6 12.Nf3 Ne7 13.e5 dxe5 14.Ne4 Nf5 15.Nxf6+ gxf6
16.Nd2 h5 17.Qf3 Bd7 18.Ne4 O-O-O 19.Qh3 Bc6 20.Nxf6 Qe7 21.Bg5 Rdg8 22.Nxg8 Qxg5
23.Rxe5 Rxg8 24.g3 Qf4 25.Rc5 Qf3 26.Rxc6+ Qxc6 27.Qxh5 Qc7 28.c3 Rd8 29.Rd1 Rxd1+
30.Qxd1 Qd7 31.Qg4 Kb8 32.h4 Ka7 33.Qf4 Qd6 34.Qf3 a5 35.h5 Qd2 36.g4 Qg5
37.Qe4 Nh6 38.Qd4+ Kb8 39.Qd6+ Kc8 40.f3 Qe3+ 41.Kg2 e5 42.b4 e4 43.Qc5+ Qxc5
44.bxc5 exf3+ 45.Kxf3 f6 46.Kf4 Kd7 47.g5 fxg5+ 48.Kxg5 Ng8 49.Kg6 Ke6 50.c4 Ne7+
51.Kg7 Nf5+ 52.Kg6 Ke5 53.Kf7 Nh6+ 54.Kg6 Ng8 55.Kf7 Nh6+ 56.Kg6 Nf5 57.Kf7  1/2-1/2

[Event "Winter Open"]
[Site "Belgrade SCG"]
[Date "2006.01.28"]
[Round "8"]
[White "Jovanovic,Zo1 SCG"]
[Black "Stamenkovic,A"]
[Result "1-0"]
[WhiteElo "2291"]
[BlackElo "2234"]

1.e4 c5 2.Nf3 Nc6 3.Bb5 e6 4.O-O Nge7 5.c3 a6 6.Ba4 b5 7.Bc2 Bb7 8.Re1 Ng6
9.d4 cxd4 10.cxd4 Nb4 11.Bb3 Rc8 12.Nc3 d5 13.e5 Nc6 14.Bc2 Be7 15.g3 Na5
16.Rf1 h6 17.Ne2 Nf8 18.Nf4 g6 19.b3 Nc6 20.a3 Qc7 21.Ra2 Qb6 22.Be3 b4 23.a4 a5
24.Bd3 Ba6 25.Qe2 Bxd3 26.Qxd3 Na7 27.Rc1 Rxc1+ 28.Bxc1 Rg8 29.h4 h5 30.Rc2 Kd7
31.Be3 Nc6 32.Rc1 Rh8 33.Qc2 Rg8 34.Nd3 Nh7 35.Nf4 Nf8 36.Qd3 Rh8 37.Qf1 Nd8
38.Qh3 Qb7 39.Nd3 Ke8 40.Bg5 Nd7 41.Bxe7 Kxe7 42.Nc5 Nxc5 43.Rxc5 Nc6 44.Qf1 Rc8
45.Qc1 Kd7 46.Qf4 Ke8 47.Ng5 Qe7 48.Kg2 Rc7 49.Nh7 Kd8 50.Nf6 Kc8 51.Qe3 Nb8
52.Rxa5 Rc3 53.Qh6 Rxb3 54.Qh8+ Kc7 55.Ra7+  1-0

[Event "Gibtelecom Masters"]
[Site "Gibraltar ENG"]
[Date "2006.01.28"]
[Round "5"]
[White "Straub,P"]
[Black "Gomes,M"]
[Result "1/2-1/2"]
[WhiteElo "2086"]
[BlackElo "2231"]

1.e4 c5 2.Nf3 Nc6 3.Bb5 g6 4.Bxc6 dxc6 5.O-O Bg7 6.Re1 Nf6 7.d3 O-O 8.Nc3 b6
9.Bg5 h6 10.Bd2 Kh7 11.e5 Nd5 12.h3 Nxc3 13.bxc3 Be6 14.a4 Qc7 15.c4 a6 16.Qe2 Bf5
17.Nh4 Bc8 18.Rab1 Rb8 19.Qe3 a5 20.f4 Bd7 21.g4 f5 22.Qg3 Qc8 23.e6 Be8
24.Kh1 b5 25.gxf5 gxf5 26.axb5 cxb5 27.cxb5 Rxb5 28.Rxb5 Qc6+ 29.Kh2 Qxb5
30.Rg1 Qb2 31.Rg2 Bc6 32.Qg6+ Kh8 33.Qh5 Rf6 34.Re2 Qb1 35.Re1 Qxc2 36.Qe2 Bd5
37.Bxa5 Qa4 38.Qd2 Rxe6 39.Rxe6 Bxe6 40.Ng6+ Kh7 41.Ne5 h5 42.Nf3 Bh6 43.Ng5+ Bxg5
44.fxg5 Qd4 45.Qe1 Qd6+ 46.Qg3 f4 47.Qf3 Kg6 48.Bd2 Kxg5 49.h4+ Kg6 50.Bxf4 Qd4
51.Qe4+ Qxe4 52.dxe4 Bg4 53.Kg3 Kf6 54.Kf2 Bh3 55.Be3 c4 56.Bd4+ Ke6 57.Bc3 Kd6
58.Bb4+ Ke5 59.Ke3 e6 60.Bc3+  1/2-1/2

[Event "Gibtelecom Masters"]
[Site "Gibraltar ENG"]
[Date "2006.01.29"]
[Round "6"]
[White "Al Modiahki,M"]
[Black "Roy Chowdhury,S"]
[Result "1-0"]
[WhiteElo "2579"]
[BlackElo "2393"]

1.e4 c5 2.Nf3 Nc6 3.Bb5 Qb6 4.Nc3 e6 5.O-O Nge7 6.Re1 a6 7.Bxc6 Nxc6 8.b3 Be7
9.Bb2 O-O 10.Nd5 Qd8 11.Nxe7+ Qxe7 12.d4 f6 13.d5 Nd8 14.e5 fxe5 15.d6 Qf7
16.Rxe5 h6 17.Rxc5 b6 18.Rc7 Bb7 19.Qe2 Bxf3 20.Qxf3 Qxf3 21.gxf3 Rf7 22.Re1 Nc6
23.a3 Rd8 24.Kg2 Rf5 25.Re4 h5 26.c4 b5 27.h4 Kf7 28.Bc1 Ke8 29.Bg5 Rb8 30.Rxe6+  1-0

[Event "11th HIT Open A"]
[Site "Nova Gorica SLO"]
[Date "2006.01.29"]
[Round "5"]
[White "Mestrovic,Z"]
[Black "Olarasu,G"]
[Result "1-0"]
[WhiteElo "2366"]
[BlackElo "2323"]

1.e4 c5 2.Nf3 Nc6 3.Bb5 Nf6 4.Nc3 Nd4 5.Bc4 e6 6.Ne2 Nxf3+ 7.gxf3 d5 8.exd5 Nxd5
9.d4 Qf6 10.Bxd5 exd5 11.Qd3 a6 12.dxc5 Qe5 13.Bf4 Qh5 14.O-O-O Be6 15.Rhe1 Bxc5
16.Qc3 Bxf2 17.Qxg7 Kd7 18.Rf1 Bb6 19.Ng3 Qh4 20.Qe5 Qe7 21.Rxd5+ Bxd5 22.Qxd5+ Kc8
23.Nf5 Qe6 24.Nd6+ Kd7 25.Qxb7+ Bc7 26.Rd1 Rhd8 27.Nf5+  1-0

[Event "14th FAJR Open"]
[Site "Tehran IRI"]
[Date "2006.01.29"]
[Round "7"]
[White "Toufighi,H"]
[Black "Momeni,E"]
[Result "1-0"]
[WhiteElo "2335"]
[BlackElo "2190"]

1.e4 c5 2.Nf3 Nc6 3.Bb5 Nf6 4.Nc3 Qc7 5.O-O a6 6.Bxc6 dxc6 7.h3 e5 8.d3 Be7
9.a4 b6 10.Nh4 O-O 11.f4 c4 12.fxe5 Qxe5 13.d4 Qg3 14.Nf5 Bxf5 15.Rxf5 h6
16.Bf4 Qg6 17.Qf3 Bb4 18.Ne2 Rae8 19.Be5 Nd7 20.Bh2 Qe6 21.c3 g6 22.Rf4 Bd6
23.e5 Nxe5 24.dxe5 Bxe5 25.Nd4 Qd6 26.Nxc6 Bxf4 27.Bxf4 Qc5+ 28.Nd4 g5 29.Bg3 f5
30.Bf2 Qd6 31.Nxf5 Qe6 32.g4 h5 33.Re1 hxg4 34.hxg4 Qd7 35.Rd1 Rxf5 36.gxf5 Qe7
37.Qd5+ Qf7 38.Qxf7+ Kxf7 39.Rd6 b5 40.Rxa6  1-0

[Event "14th FAJR Open"]
[Site "Tehran IRI"]
[Date "2006.01.29"]
[Round "7"]
[White "Kasparov,S"]
[Black "Mallahi,A"]
[Result "0-1"]
[WhiteElo "2491"]
[BlackElo "2426"]

1.e4 c5 2.Nf3 Nc6 3.Bb5 g6 4.Bxc6 dxc6 5.d3 Bg7 6.h3 Nf6 7.Nc3 Nd7 8.Be3 e5
9.Qd2 h6 10.h4 Qe7 11.h5 g5 12.Ng1 Nf8 13.Nge2 f5 14.exf5 Bxf5 15.Ng3 Bh7
16.Nce4 Ne6 17.Qc3 b6 18.a3 O-O 19.O-O Nf4 20.a4 Kh8 21.a5 Rab8 22.axb6 axb6
23.Ra6 Bg8 24.Rfa1 Qe6 25.Ra7 Rf7 26.Ra8 Rff8 27.Rxb8 Rxb8 28.Ra7 Bf7 29.Nd6 Qxd6
30.Rxf7 Qd5 31.Bxf4 gxf4 32.Rxg7 Kxg7 33.Ne4 Ra8 34.b3 Qd4 35.Qd2 Ra1+ 36.Kh2 Qd8
37.g3 Qd7 38.Qc3 Qd5 39.Qd2 Ra8 40.Qe2 Qd7 41.gxf4 exf4 42.Qf3 Rf8 43.Kg1 Kh8
44.Kf1 Qf5 45.Nd6 Qe5 46.Ne4 Qa1+ 47.Ke2 Qc1 48.c4 Qb2+ 49.Kf1 Qxb3 50.Ng3 Qc3
51.Ne4 Qe5 52.Ke2 b5 53.cxb5 cxb5 54.Kf1 Qa1+ 55.Ke2 Qb2+ 56.Kf1 Qc1+ 57.Ke2 Qc2+
58.Kf1 c4 59.dxc4 Qxc4+ 60.Kg2 b4 61.Kh2 Qd5  0-1

[Event "Gibtelecom Masters"]
[Site "Gibraltar ENG"]
[Date "2006.01.30"]
[Round "7"]
[White "Sisask,J"]
[Black "Agdestein,Em"]
[Result "0-1"]
[WhiteElo "2196"]
[BlackElo "2053"]

1.e4 c5 2.Nf3 Nc6 3.Bb5 Na5 4.c3 a6 5.Ba4 b5 6.Bc2 e6 7.d4 cxd4 8.cxd4 Bb7
9.O-O Nf6 10.e5 Nd5 11.Ng5 Be7 12.Qg4 Rc8 13.Nxh7 Rxc2 14.Qxg7 Rxh7 15.Qxh7 Rc8
16.Qg8+ Bf8 17.Bh6 Qe7 18.Nd2 f5 19.Nf3 Qf7 20.Qh8 Ne7 21.Ng5 Ng6 22.Nxf7 Nxh8
23.Bxf8 Kxf7 24.Bc5 Rg8 25.f3 Nc4 26.Rf2 Ng6 27.b3 Ne3 28.Re1 Nd5 29.Rd2 Nh4
30.Kf1 Nf4 31.Ree2 Nxe2 32.Rxe2 f4 33.Rd2 Nf5 34.Kf2 Bd5 35.b4 Nh4 36.g3 fxg3+
37.hxg3 Nxf3 38.Rd1 Ng5 39.Ke3 Ne4  0-1

[Event "ch-Kyiv"]
[Site "Kyiv UKR"]
[Date "2006.01.30"]
[Round "8"]
[White "Zhizmer,Y"]
[Black "Melnichuk,M"]
[Result "1/2-1/2"]
[WhiteElo "2413"]
[BlackElo "2118"]

1.e4 c5 2.Nf3 Nc6 3.Bb5 g6 4.Bxc6 dxc6 5.O-O Bg7 6.d3 e5 7.Be3 Qe7 8.h3 Nf6
9.Nc3 Nd7 10.Qd2 Nf8 11.Na4 b6 12.a3 Ne6 13.b4 Nd4 14.Nxd4 cxd4 15.Bh6 O-O
16.Bxg7 Kxg7 17.f4 f6 18.Rf3 exf4 19.Qxf4 Qe5 20.Qxe5 fxe5 21.Rxf8 Kxf8 22.c4 dxc3
23.Rc1 Ba6 24.Rxc3 Rd8 25.Nb2 Rd6 26.Kf2 Ke7 27.Ke3 Rf6 28.Rc1 Kd6 29.Na4 Rf7
30.Nc3 Ke6 31.Ne2 Bb5 32.Nc3 Ba6 33.a4 Rf8 34.Ne2 Kd6 35.Ng1 h6 36.Nf3 Bc8
37.Nxe5 Kxe5 38.Rxc6 Rd8 39.Rxg6 Rd6 40.Rg8 Bd7 41.b5 Ke6 42.d4 Kf7 43.Ra8 Rg6
44.Rxa7 Ke7 45.g4 h5 46.gxh5 Rh6 47.d5 Rxh5 48.Kd4 Rxh3 49.Ra6 Ra3 50.Ke5 Ra1
51.Ra7 Ra2 52.Ra6 Ra1 53.Rxb6 Rxa4 54.Rb7 Rb4 55.b6 Rb5 56.Rb8 Rb4 57.b7 Rb5
58.Kd4 Kd6 59.e5+ Kc7 60.Rg8 Rb4+ 61.Kc5 Rb5+ 62.Kd4 Rb4+ 63.Kc5 Rb5+ 64.Kc4 Rxb7
65.Rg7 Kd8 66.Kc5 Rb5+ 67.Kd4 Rb4+ 68.Kc5 Rb5+ 69.Kc4 Rb1 70.Kd4 Rb4+ 71.Kc5 Rb5+
72.Kc4 Rb1 73.Rh7 Rc1+ 74.Kd4 Rb1 75.Rh8+ Ke7 76.d6+ Kf7 77.Rh7+ Ke8 78.Re7+ Kd8
79.Rh7 Rb4+  1/2-1/2

[Event "Open"]
[Site "Moscow RUS"]
[Date "2006.01.30"]
[Round "2"]
[White "Das,Ar"]
[Black "Bocharov,D"]
[Result "1/2-1/2"]
[WhiteElo "2402"]
[BlackElo "2590"]

1.e4 c5 2.Nf3 Nc6 3.Bb5 g6 4.O-O Bg7 5.c3 Nf6 6.Qa4 O-O 7.d4 cxd4 8.cxd4 Nxe4
9.d5 Nc5 10.Qa3 Qb6 11.Nc3 Nd4 12.Nxd4 Bxd4 13.Bh6 d6 14.Bxf8 Kxf8 15.Rad1 Bg7
16.b4 Nd7 17.Qb3 Ne5 18.a4 Bg4 19.Be2 a5 20.Rb1 Bf5 21.bxa5 Qxa5 22.Qxb7 Bxb1
23.Rxb1 Bf6 24.Bb5 Kg7 25.Ne4 Ra7 26.Qc8 Rc7 27.Qh3 Nc4 28.Qd3 Nb2 29.Qb3 Bd4
30.g3 Rb7 31.Rxb2 Qe1+ 32.Kg2 Qxe4+ 33.f3 Qe1 34.Rc2 h5 35.Qd3 Qg1+ 36.Kh3 Bf6
37.Rg2 Qe1 38.Rc2 h4 39.Qe2 Qb1 40.g4 Be5 41.Rc8 Qg1  1/2-1/2

[Event "ch-Kyiv"]
[Site "Kyiv UKR"]
[Date "2006.02.01"]
[Round "10"]
[White "Manilyk,A"]
[Black "Kislinsky,A"]
[Result "0-1"]
[WhiteElo "2089"]
[BlackElo "2384"]

1.e4 c5 2.Nf3 Nc6 3.Bb5 g6 4.O-O Bg7 5.c3 Nf6 6.Re1 O-O 7.d4 cxd4 8.cxd4 d5
9.e5 Ne8 10.h3 Nc7 11.Bxc6 bxc6 12.Nc3 Ne6 13.b3 f6 14.exf6 Rxf6 15.Na4 Rxf3
16.gxf3 Nxd4 17.Bb2 e5 18.Bxd4 exd4 19.f4 Bxh3 20.Qf3 Bf5 21.Nc5 Qd6 22.Rac1 Rf8
23.Nb7 Qb8 24.Nc5 Bh6 25.Re5 Qd6 26.b4 Be4 27.Nxe4 Qxe5 28.fxe5 Rxf3  0-1

[Event "Open"]
[Site "Moscow RUS"]
[Date "2006.02.01"]
[Round "4"]
[White "Krivoborodov,E"]
[Black "Czarnota,P"]
[Result "0-1"]
[WhiteElo "2356"]
[BlackElo "2497"]

1.e4 c5 2.Nf3 Nc6 3.Bb5 e6 4.O-O Nge7 5.c3 a6 6.Ba4 b5 7.Bc2 Bb7 8.Qe2 Ng6
9.d4 cxd4 10.cxd4 Be7 11.a4 Nb4 12.Bb3 bxa4 13.Bxa4 O-O 14.Nc3 f5 15.e5 Nd5
16.Nxd5 Bxd5 17.Bd2 Qc7 18.Rfc1 Qb7 19.b3 Bd8 20.Qe3 Rf7 21.b4 Bb6 22.Bc3 Ne7
23.Bd1 Bc6 24.Be2 Nd5 25.Qd2 h6 26.h4 Bd8 27.Rcb1 Nc7 28.h5 Rf8 29.Ne1 Bg5
30.f4 Be7  0-1

[Event "3rd ch-Mediterranean"]
[Site "Antalya TUR"]
[Date "2006.02.02"]
[Round "3"]
[White "Atakisi,U"]
[Black "Mohammad,Sa"]
[Result "1-0"]
[WhiteElo "2441"]
[BlackElo "2320"]

1.e4 c5 2.Nf3 Nc6 3.Bb5 g6 4.Bxc6 bxc6 5.O-O Bg7 6.Re1 f6 7.c3 Nh6 8.d4 cxd4
9.cxd4 Nf7 10.Nc3 O-O 11.b3 d6 12.Bb2 Kh8 13.Rc1 Bd7 14.Na4 e5 15.Qd3 Qe7
16.dxe5 fxe5 17.Ba3 Rfd8 18.Red1 Be8 19.Nd2 c5 20.Nc3 Bc6 21.Nd5 Qb7 22.Nc4 Bxd5
23.Qxd5 Qxd5 24.Rxd5 Bf8 25.Rcd1 Rac8 26.Bb2 Kg8 27.f3 Be7 28.Na5 Rc7 29.Bc1 Re8
30.Be3 Bf8 31.Rc1 Rec8 32.Rc4 Nd8 33.Ra4 Ne6 34.Nc4 Rd8 35.Ra6 Rcd7 36.Nxe5 Rb7
37.Rc6  1-0

[Event "Gibtelecom Masters"]
[Site "Gibraltar ENG"]
[Date "2006.02.02"]
[Round "10"]
[White "Sisask,J"]
[Black "Guski,D"]
[Result "1-0"]
[WhiteElo "2196"]
[BlackElo "2106"]

1.e4 c5 2.Nf3 Nc6 3.Bb5 g6 4.Bxc6 dxc6 5.d3 Bg7 6.h3 Nf6 7.Nc3 O-O 8.Be3 b6
9.Qd2 Ne8 10.Bh6 Nc7 11.h4 f6 12.e5 Bf5 13.O-O-O Nd5 14.Ne2 Nb4 15.a3 a5
16.Bxg7 Kxg7 17.Ng3 Qc8 18.axb4 axb4 19.Qf4 Be6 20.Ne4 b3 21.c4 Qa6 22.exf6+ exf6
23.Kd2 Bxc4 24.dxc4 Qxc4 25.Ke3 Ra4 26.Rd7+ Kg8 27.Nfd2 Qe6 28.Qc7 Re8 29.f3 f5
30.Rxh7 Qf6 31.Qd7 fxe4 32.Qxe8+ Kxh7 33.Qd7+ Kh6 34.Nxe4 Qxb2 35.Qe8 Qd4+
36.Kf4 Kg7 37.Qe7+ Kh6 38.g4 Qg7 39.g5+ Kh7 40.Qe8 Qc7+ 41.Ke3 Rxe4+ 42.Qxe4  1-0

[Event "Gibtelecom Masters"]
[Site "Gibraltar ENG"]
[Date "2006.02.02"]
[Round "10"]
[White "Klinova,M"]
[Black "Vea,O"]
[Result "1-0"]
[WhiteElo "2353"]
[BlackElo "2099"]

1.e4 c5 2.Nf3 Nc6 3.Bb5 Na5 4.Be2 e6 5.O-O Nf6 6.e5 Nd5 7.d3 b6 8.c4 Ne7
9.d4 cxd4 10.Qxd4 Ng6 11.Nc3 Bc5 12.Qg4 Nc6 13.Ne4 Qc7 14.Nd6+ Bxd6 15.exd6 Qxd6
16.Rd1 Qe7 17.Be3 Bb7 18.Rac1 d6 19.Qh5 Rd8 20.a3 f6 21.b4 Qf7 22.b5 Nce5
23.Nd4 Nd7 24.f4 f5 25.Nf3 Nf6 26.Qh3 Ne4 27.a4 h6 28.Nd2 Nc5 29.Bh5 Ke7
30.Nf3 Ne4 31.a5 Rd7 32.axb6 axb6 33.Bxg6 Qxg6 34.Bxb6 Qg4 35.Qxg4 fxg4 36.Nd4 Rc8
37.Nb3 Ke8 38.Rd4 Rf7 39.Re1 Rxf4 40.Na5 Ba8 41.g3 e5 42.gxf4 exd4 43.Nc6 Bxc6
44.bxc6 Rxc6 45.Rxe4+ Kf7 46.Ba7 Rxc4 47.Rxd4 Rxd4 48.Bxd4 g6 49.Kf2 Ke6
50.Ke3 Kf5 51.Bb6 g5 52.fxg5 h5 53.Bd8 h4 54.g6 g3 55.hxg3 h3 56.g7 h2 57.g8=Q h1=Q
58.g4+ Ke5 59.Qg5+  1-0

[Event "TCh-FRA Top 16 Gp A"]
[Site "Clichy FRA"]
[Date "2006.02.03"]
[Round "1"]
[White "Domont,A"]
[Black "Kogan,Ar"]
[Result "0-1"]
[WhiteElo "2410"]
[BlackElo "2560"]

1.e4 c5 2.Nf3 Nc6 3.Bb5 e6 4.O-O Nge7 5.c3 a6 6.Be2 d5 7.exd5 Nxd5 8.d4 cxd4
9.Nxd4 Bd6 10.Nxc6 bxc6 11.Nd2 Qc7 12.Kh1 O-O 13.Ne4 Be7 14.f4 f5 15.Ng5 h6
16.Nh3 Bf6 17.Bd2 Rb8 18.Rb1 Rd8 19.Qc1 c5 20.c4 Nb4 21.a3 Nc6 22.Bc3 Nd4
23.Bd1 Bb7 24.b3 Be4 25.Rb2 Qc6 26.Rg1 Bh4 27.Qe3 Nxb3 28.Bxb3 Rd3 29.Qc1 Rxh3  0-1

[Event "ch-UKR g-20"]
[Site "Lviv UKR"]
[Date "2006.02.03"]
[Round "2"]
[White "Berdiugina,E"]
[Black "Choba,Y"]
[Result "1-0"]
[WhiteElo "2121"]
[BlackElo "1783"]

1.e4 c5 2.Nf3 Nc6 3.Bb5 a6 4.Bxc6 dxc6 5.d3 Bg4 6.h3 Bxf3 7.Qxf3 e5 8.Nc3 Ne7
9.O-O Ng6 10.Ne2 Be7 11.Ng3 O-O 12.Qg4 b5 13.Nf5 Re8 14.g3 Ra7 15.h4 Bf6
16.Be3 Rd7 17.Bxc5 Kh8 18.a4 Nf8 19.axb5 axb5 20.Ra6 Ne6 21.Bb6 Qc8 22.Rfa1 g6
23.Ne3 Rb7 24.c4 Qb8 25.Ba7 Qc8 26.cxb5 cxb5 27.Nd5 Bg7 28.b4 h5 29.Qf3 Kg8
30.Be3 Nd4 31.Bxd4 exd4 32.Ra7 Qb8 33.Rxb7 Qxb7 34.Nf6+ Bxf6 35.Qxf6 Qd7
36.Ra6 Rf8 37.e5 Rc8 38.e6 fxe6 39.Qxg6+ Kf8 40.Rxe6 Qf7 41.Rf6  1-0

[Event "TCh-FRA Top 16 Gp A"]
[Site "Paris FRA"]
[Date "2006.02.05"]
[Round "3"]
[White "Fressinet,L"]
[Black "Berthelot,Y"]
[Result "1-0"]
[WhiteElo "2625"]
[BlackElo "2306"]

1.e4 c5 2.Nf3 Nc6 3.Bb5 e6 4.Bxc6 bxc6 5.d3 Ne7 6.Bd2 Qc7 7.Bc3 f6 8.Nh4 e5
9.O-O d6 10.f4 exf4 11.Rxf4 Ng6 12.Qh5 Qf7 13.Nxg6 Qxg6 14.Qf3 Be6 15.Nd2 Be7
16.Nf1 Qf7 17.Ng3 g5 18.Rf5 Rg8 19.e5 d5 20.exf6 Bd6 21.Be5 Kd7 22.Bxd6  1-0

[Event "ch-CUB sf"]
[Site "Santa Clara CUB"]
[Date "2006.02.05"]
[Round "1"]
[White "Blanco,H"]
[Black "Gongora,M"]
[Result "0-1"]
[WhiteElo "2357"]
[BlackElo "2489"]

1.e4 c5 2.Nf3 Nc6 3.Bb5 Nf6 4.e5 Nd5 5.O-O Nc7 6.Bxc6 dxc6 7.h3 Bf5 8.d3 h6
9.Nc3 e6 10.Qe2 Be7 11.b3 O-O 12.Bb2 Nb5 13.Nxb5 cxb5 14.a4 a6 15.axb5 axb5
16.Rxa8 Qxa8 17.Ra1 Qc8 18.Nd2 Qc6 19.f4 Bg6 20.Kh2 Rd8 21.g4 c4 22.bxc4 Bb4
23.Rf1 Bxd2 24.Qxd2 bxc4 25.f5 Bh7 26.d4 Qe4 27.Bc3 Ra8 28.Rf4 Qd5 29.Bb2 Qb5
30.Bc1 Qb1 31.d5 exd5 32.Rf2 c3 33.Qf4 Kh8 34.e6 f6 35.Be3 Qe1 36.Rf1 Qe2+
37.Rf2 Qb5 38.Bd4 Qc4 39.Qe3 Qc7+ 40.Kg2 Rc8 41.Re2 Bg8 42.e7 Bf7 43.Bxf6 gxf6
44.Qxh6+ Kg8 45.Qxf6 Qf4 46.Rf2 Qe4+ 47.Kh2 Qe3 48.Qh4 Qe5+ 49.Kg1 d4 50.Qg5+ Qg7
51.Qf4 d3 52.cxd3 Qf6 53.g5 Qxe7 54.g6 c2 55.gxf7+ Kxf7 56.Qc1 Qh4 57.Kg2 Rg8+
58.Kf3 Qxh3+ 59.Ke4 Re8+ 60.Kd4 Rd8+ 61.Ke5 Qxd3  0-1

[Event "ch-CUB sf"]
[Site "Santa Clara CUB"]
[Date "2006.02.05"]
[Round "1"]
[White "Pozo Vera,S"]
[Black "Hernandez,Hold"]
[Result "1/2-1/2"]
[WhiteElo "2369"]
[BlackElo "2499"]

1.e4 c5 2.Nf3 Nc6 3.Bb5 e6 4.O-O Nge7 5.c3 a6 6.Be2 d5 7.exd5 exd5 8.d4 cxd4
9.cxd4 Nf5 10.Bg5 Be7 11.Bxe7 Qxe7 12.Re1 O-O 13.Nc3 Qd6 14.Bd3 h6 15.Rc1 Rd8
16.Bb1 Qf6 17.Qd2 Be6 18.Bxf5 Bxf5 19.Ne5 Rac8 20.Nxc6 Rxc6 21.Re5 Be6 22.Rce1 b5  1/2-1/2

[Event "ch-Serbia"]
[Site "Vrnjacka Banja SCG"]
[Date "2006.02.05"]
[Round "9"]
[White "Vratonjic,S"]
[Black "Djokic,Neb"]
[Result "1-0"]
[WhiteElo "2473"]
[BlackElo "2253"]

1.e4 c5 2.Nf3 Nc6 3.Bb5 g6 4.Bxc6 dxc6 5.d3 Bg7 6.O-O Nf6 7.h3 O-O 8.Be3 Qb6
9.Nbd2 Nd7 10.Rb1 a5 11.c3 Qc7 12.d4 b6 13.dxc5 Nxc5 14.Bxc5 bxc5 15.Re1 a4
16.Qe2 Be6 17.c4 h6 18.Qe3 Ra5 19.b4 cxb4 20.Rxb4 c5 21.Rbb1 Rd8 22.e5 Bf5
23.Rb5 Rxb5 24.cxb5 Rb8 25.Ne4 Rxb5 26.Nc3 Ra5 27.Nd5 Qb7 28.Rd1 c4 29.Qd4 Kh7
30.Nf4 Bd3 31.Nxd3 cxd3 32.Qxd3 Bxe5 33.Qc4 Kg7 34.Nxe5 Rxe5 35.Qd4 f6 36.Qxa4 Rg5
37.g3 Rb5 38.Qd4 Rb1 39.a3 Rb3 40.Qc5 h5 41.h4 Rb5 42.Qd4 g5 43.hxg5 Rxg5
44.Re1 Qc7 45.a4 Rxg3+ 46.fxg3 Qxg3+  1-0

[Event "3rd ch-Mediterranean"]
[Site "Antalya TUR"]
[Date "2006.02.06"]
[Round "8"]
[White "Makropoulou,M"]
[Black "Lamoureux,I"]
[Result "1-0"]
[WhiteElo "2284"]
[BlackElo "2033"]

1.e4 c5 2.Nf3 Nc6 3.Bb5 g6 4.Bxc6 dxc6 5.d3 Bg7 6.h3 Nf6 7.Nc3 Qc7 8.Be3 b6
9.Qd2 h6 10.Bf4 Qd7 11.O-O Nh5 12.Be5 O-O 13.Bxg7 Kxg7 14.a4 a5 15.Rae1 Kh7
16.b3 Qc7 17.e5 Be6 18.Nh2 Rad8 19.Qe3 Qd7 20.Ne2 Ng7 21.g4 f5 22.exf6 exf6
23.Nf4 Rde8 24.Qg3 f5 25.Nf3 fxg4 26.Ne5 Qd6 27.Nexg6 Rf6 28.Nxe6 Rexe6 29.Qxd6 Rxd6
30.Ne5 gxh3 31.Kh2 Nf5 32.Kxh3 Nd4 33.Nc4 Rf3+ 34.Kh2 Rd7 35.Ne5 Re7 36.c3 Nc2
37.Nxf3 Rf7 38.Re2  1-0